[Event "Lichtenberger Sommer 2023"]
[Site "Berlin"]
[Date "2023.08.17"]
[Round "6.80"]
[White "Aßmus, Sven"]
[Black "Morper, Justus"]
[Result "1/2-1/2"]
[WhiteElo "1683"]
[BlackElo "1432"]
[PlyCount "48"]
[EventDate "2023.??.??"]
[WhiteTeam "SV Mattnetz Berlin e.V."]
[BlackTeam "SV Mattnetz Berlin e.V."]

1. c4 e5 2. Nc3 Nf6 3. Nf3 Nc6 4. g3 d6 5. Bg2 Be7 6. Qc2 Be6 7. d3 h6 8. a3 d5
9. cxd5 Nxd5 10. Bd2 O-O 11. O-O Qd7 12. Rfc1 Rad8 13. b4 Bd6 14. Ne4 a6 15.
Nc5 Bxc5 16. Qxc5 f6 17. a4 Rc8 18. b5 Nb8 19. Rcb1 c6 20. b6 Qe7 21. Qxe7 Nxe7
22. Ne1 Nd7 23. Bb4 Rfe8 24. Bd6 Nd5 1/2-1/2

[Event "Lichtenberger Sommer 2023"]
[Site "Berlin"]
[Date "2023.08.17"]
[Round "6.81"]
[White "Pöltelt, Helmut"]
[Black "Zesewitz, Uwe"]
[Result "1-0"]
[WhiteElo "1673"]
[BlackElo "1378"]
[PlyCount "47"]
[EventDate "2023.??.??"]
[WhiteTeam "SC Eintracht Berlin e.V."]
[BlackTeam "SV SF Friedrichshagen"]

1. e4 d6 2. d4 Nf6 3. Bd3 c6 4. Nf3 Bg4 5. Nbd2 e5 6. h3 Bh5 7. g4 Bg6 8. dxe5
dxe5 9. Nxe5 Be7 10. Nxg6 fxg6 11. Nb3 O-O 12. Be3 Nfd7 13. Qe2 c5 14. O-O-O
Nc6 15. Bc4+ Kh8 16. Nxc5 Nce5 17. Nxd7 Qa5 18. Nxf8 Bxf8 19. Bb3 h6 20. Rd5
Qc7 21. f4 Nc6 22. Rhd1 Rd8 23. Rxd8 Nxd8 24. Qd3 1-0

[Event "Lichtenberger Sommer 2023"]
[Site "Berlin"]
[Date "2023.08.17"]
[Round "6.82"]
[White "Berndt, Ronson"]
[Black "Hieronimus, Matthias"]
[Result "1-0"]
[WhiteElo "1544"]
[BlackElo "1673"]
[PlyCount "69"]
[EventDate "2023.??.??"]
[WhiteTeam "SC Borussia Lichtenberg"]
[BlackTeam "vereinslos"]

1. d4 g6 2. e4 Bg7 3. c4 d6 4. Nc3 Nf6 5. Be3 O-O 6. Be2 Nbd7 7. Nf3 c6 8. Qd3
Ng4 9. Bd2 c5 10. h3 Nh6 11. O-O f5 12. Bxh6 Bxh6 13. exf5 Rxf5 14. Ne4 Rf8 15.
dxc5 dxc5 16. Qd5+ Kh8 17. Nxc5 Rf5 18. Ne6 Rxd5 19. Nxd8 Rf5 20. g4 Rf8 21.
Ne6 Rg8 22. c5 Bg7 23. Rab1 Nf8 24. Nxg7 Kxg7 25. b4 Be6 26. Nd4 Bxa2 27. Ra1
Bf7 28. Bf3 Ne6 29. Nxe6+ Bxe6 30. Bxb7 Rab8 31. Rxa7 Kf7 32. Rb1 Rgd8 33. c6
Rxb7 34. Rxb7 Rc8 35. b5 1-0

[Event "Lichtenberger Sommer 2023"]
[Site "Berlin"]
[Date "2023.08.17"]
[Round "6.83"]
[White "Fiedler, Ronald"]
[Black "Maart, Hagen"]
[Result "1-0"]
[WhiteElo "1642"]
[BlackElo "1334"]
[PlyCount "80"]
[EventDate "2023.??.??"]
[WhiteTeam "SVG Läufer Reinickendorf e.V."]
[BlackTeam "Kieler SG von 18"]

1. d4 e6 2. c4 d5 3. Bf4 Nf6 4. e3 Be7 5. Nf3 c5 6. Be2 cxd4 7. Nxd4 Nc6 8.
Nxc6 bxc6 9. O-O Qb6 10. Qc2 O-O 11. Nc3 Ba6 12. b3 Rac8 13. Na4 Qa5 14. Be5
Ne4 15. f3 Nc5 16. Bc3 Qc7 17. Nb2 Nd7 18. Bd3 h6 19. Rae1 Ne5 20. Be2 Bc5 21.
Bd4 Bd6 22. f4 Nd7 23. c5 Nxc5 24. Bxc5 Bxe2 25. Bxd6 Qxd6 26. Rxe2 Rfe8 27.
Nd3 f6 28. Qc5 Qd7 29. Rc1 Qf7 30. Rf2 Qg6 31. Qd4 a5 32. Rf3 Qh5 33. Rcf1 e5
34. Qb2 e4 35. Rh3 Qg4 36. Nc5 Qg6 37. f5 Qf7 38. Rg3 Qa7 39. Ne6 Rxe6 40. fxe6
Rf8 1-0

[Event "Lichtenberger Sommer 2023"]
[Site "Berlin"]
[Date "2023.08.17"]
[Round "6.84"]
[White "Christen, Jan"]
[Black "Hildebrand, Azat"]
[Result "1-0"]
[WhiteElo "1604"]
[BlackElo "1419"]
[PlyCount "81"]
[EventDate "2023.??.??"]
[WhiteTeam "Barnimer SF im SV Sta"]
[BlackTeam "SC Borussia Lichtenberg"]

1. d4 a6 2. c4 c6 3. Nf3 d5 4. Nbd2 Nf6 5. g3 Bg4 6. Bg2 e6 7. h3 Bh5 8. O-O
Bd6 9. Qc2 Nbd7 10. e4 Nxe4 11. Nxe4 dxe4 12. Qxe4 Nf6 13. Qc2 O-O 14. b3 Bg6
15. Qe2 h6 16. Bb2 Re8 17. Rfd1 Rc8 18. Ne5 Bh7 19. Rac1 Nd7 20. Be4 Bxe4 21.
Qxe4 Qe7 22. Nxd7 Qxd7 23. d5 exd5 24. Qg4 Qxg4 25. hxg4 Re2 26. cxd5 Rxb2 27.
dxc6 Bxg3 28. cxb7 Rxc1 29. Rxc1 Bxf2+ 30. Kh1 Ba7 31. Rc8+ Kh7 32. Ra8 Rb1+
33. Kh2 Bg1+ 34. Kg2 Be3 35. b8=Q Rg1+ 36. Kf3 Re1 37. Qh8+ Kg6 38. Rxa6+ Kg5
39. Qxg7+ Kh4 40. Rxh6+ Bxh6 41. Qxh6# 1-0

[Event "Lichtenberger Sommer 2023"]
[Site "Berlin"]
[Date "2023.08.17"]
[Round "6.85"]
[White "Beduschi, Ben"]
[Black "Hauer, Benno"]
[Result "1/2-1/2"]
[WhiteElo "1604"]
[BlackElo "1330"]
[PlyCount "88"]
[EventDate "2023.??.??"]
[WhiteTeam "Barnimer SF im SV Sta"]
[BlackTeam "SVG Saarbrücken 1970 e.V."]

1. Nc3 Nf6 2. e4 e5 3. Nf3 Nc6 4. d4 exd4 5. Nxd4 Bb4 6. Nxc6 bxc6 7. Bd3 O-O
8. O-O Re8 9. Re1 d5 10. exd5 Rxe1+ 11. Qxe1 cxd5 12. Bd2 Bb7 13. a3 Ba5 14. b4
Bb6 15. Na4 Qd7 16. Nxb6 axb6 17. Qf1 Ne4 18. Be3 d4 19. Bf4 Nc3 20. Bd2 Qc6
21. f3 Nd5 22. Be4 Qd6 23. Qd3 c6 24. Bxh7+ Kh8 25. Be4 Nf6 26. c4 Nxe4 27.
Qxe4 Qd7 28. Qd3 c5 29. b5 Re8 30. a4 Re6 31. Re1 Rg6 32. Kh1 Qd8 33. Qe2 Re6
34. Qd3 Rxe1+ 35. Bxe1 Qa8 36. Qd1 Qe8 37. Bf2 Bc8 38. Qd3 Be6 39. Qe4 Qd8 40.
Qd3 Qa8 41. Qc2 Qa5 42. Qe4 Qxa4 43. Qh4+ Kg8 44. Qd8+ Kh7 1/2-1/2

[Event "Lichtenberger Sommer 2023"]
[Site "Berlin"]
[Date "2023.08.17"]
[Round "6.86"]
[White "Sauer, Jakob"]
[Black "Uhlenbrock, Sven"]
[Result "0-1"]
[WhiteElo "1353"]
[BlackElo "1659"]
[PlyCount "84"]
[EventDate "2023.??.??"]
[WhiteTeam "TSG Oberschöneweide e.V."]
[BlackTeam "vereinslos"]

1. e4 d6 2. d4 Nf6 3. Nc3 e5 4. dxe5 dxe5 5. Qxd8+ Kxd8 6. Bg5 Be6 7. O-O-O+
Nbd7 8. Nf3 Bd6 9. Nd5 Kc8 10. Nxf6 Nxf6 11. Bxf6 gxf6 12. a3 Bc5 13. Rd2 Rg8
14. g3 a5 15. Nh4 Rb8 16. Bd3 b5 17. Nf5 Rb6 18. Kd1 a4 19. Ke2 c6 20. Rhd1 Rb7
21. Kf1 Rd7 22. Be2 Rgd8 23. Rxd7 Rxd7 24. Rxd7 Kxd7 25. Nh6 b4 26. axb4 Bxb4
27. Bg4 Bxg4 28. Nxg4 Bc3 29. Nxf6+ Ke7 30. Ng8+ Ke6 31. bxc3 a3 32. Nh6 a2 33.
Ke2 a1=Q 34. Kd2 Qf1 35. Nf5 Qxf2+ 36. Kd3 Qxh2 37. g4 Qh3+ 38. Ne3 Qf3 39. c4
h6 40. c5 Kf6 41. c3 Kg5 42. c4 Kf4 0-1

[Event "Lichtenberger Sommer 2023"]
[Site "Berlin"]
[Date "2023.08.17"]
[Round "6.87"]
[White "Lange, Christoph"]
[Black "Rotermund, Verena"]
[Result "0-1"]
[WhiteElo "1320"]
[BlackElo "1553"]
[PlyCount "134"]
[EventDate "2023.??.??"]
[WhiteTeam "TSG Oberschöneweide e.V."]
[BlackTeam "Vorw.Orient Mainz"]

1. e4 e6 2. d4 d5 3. exd5 exd5 4. Nf3 Bg4 5. h3 Bh5 6. Bd3 Bd6 7. Qe2+ Ne7 8.
Be3 Nd7 9. Nc3 c6 10. O-O-O Qc7 11. g4 Bg6 12. Bxg6 hxg6 13. Rde1 O-O-O 14. g5
Nb6 15. Bd2 Nc4 16. Ne5 Nf5 17. Nxc4 dxc4 18. Qxc4 Bf4 19. Bxf4 Qxf4+ 20. Kb1
Nd6 21. Qe2 Rh4 22. Qe3 Qxd4 23. Qxd4 Rxd4 24. Kc1 Rf4 25. Rhf1 Rh8 26. Rh1
Rxf2 27. Ne4 Nxe4 28. Rxe4 f5 29. gxf6 gxf6 30. Ree1 g5 31. Ref1 Rxf1+ 32. Rxf1
Rh6 33. Rf3 Kd7 34. Kd2 Ke6 35. Ke3 c5 36. b3 f5 37. Kd3 Rh4 38. Ke2 f4 39. a4
b6 40. c3 Ke5 41. Kd3 g4 42. hxg4 Rxg4 43. Ke2 Ke4 44. Kf2 Rg3 45. Rxg3 fxg3+
46. Kxg3 Kd3 47. c4 Kc3 48. a5 bxa5 49. Kf3 Kxb3 50. Ke2 Kb2 51. Kd3 Kb3 52.
Kd2 Kxc4 53. Kc2 Kb4 54. Kb2 a4 55. Ka2 a3 56. Kb1 c4 57. Ka2 c3 58. Kb1 Kc4
59. Ka1 Kd3 60. Kb1 c2+ 61. Kc1 a2 62. Kb2 a1=Q+ 63. Kxa1 c1=Q+ 64. Ka2 Qc5 65.
Kb3 Qb5+ 66. Ka3 Kc2 67. Ka2 Qb2# 0-1

[Event "Lichtenberger Sommer 2023"]
[Site "Berlin"]
[Date "2023.08.17"]
[Round "6.88"]
[White "Schmidt, Alexander Nadvid"]
[Black "Bernhofen, Helmut"]
[Result "1-0"]
[WhiteElo "1274"]
[BlackElo "1549"]
[PlyCount "69"]
[EventDate "2023.??.??"]
[WhiteTeam "SK Zehlendorf e.V."]
[BlackTeam "SC Kreuzberg e.V."]

1. e4 e6 2. d4 d5 3. exd5 exd5 4. Bd3 Nf6 5. Bg5 h6 6. Bh4 Be7 7. Nf3 O-O 8.
O-O a6 9. Re1 Nc6 10. c3 Bg4 11. Nbd2 Re8 12. Qb3 Na5 13. Qc2 c5 14. Bxf6 Bxf6
15. Rxe8+ Qxe8 16. dxc5 Nc6 17. Re1 Be6 18. Nb3 Qd7 19. Nbd4 Nxd4 20. cxd4 Rc8
21. Ne5 Qe8 22. Bf5 Bxe5 23. Rxe5 Rc6 24. h3 Qd7 25. Bxe6 Rxe6 26. Qf5 a5 27.
Rxd5 Re1+ 28. Kh2 Qc7+ 29. f4 g5 30. Rd7 Qxf4+ 31. Qxf4 gxf4 32. Rxb7 Re2 33.
Kg1 Rd2 34. c6 Rxd4 35. c7 1-0

[Event "Lichtenberger Sommer 2023"]
[Site "Berlin"]
[Date "2023.08.17"]
[Round "6.89"]
[White "Pawlowski, Lion"]
[Black "Schacht, Thomas"]
[Result "1-0"]
[WhiteElo "1200"]
[BlackElo "1518"]
[PlyCount "86"]
[EventDate "2023.??.??"]
[WhiteTeam "SC Zugzwang 95 e.V."]
[BlackTeam "BSV 63 Chemie Weißensee"]

1. c4 c5 2. Nc3 e5 3. Nf3 d6 4. g3 Nf6 5. Bg2 Bg4 6. h3 Be6 7. d3 Nc6 8. O-O
Be7 9. a3 a5 10. Bg5 Qd7 11. Kh2 h6 12. Bxf6 Bxf6 13. Na4 Bd8 14. Qc2 Rb8 15.
Rad1 b5 16. Nc3 b4 17. Nb5 Bg5 18. e3 Qe7 19. d4 exd4 20. exd4 d5 21. cxd5 Rxb5
22. dxe6 O-O 23. d5 Nd8 24. Rfe1 Nb7 25. Qd3 Nd6 26. a4 c4 27. Qe2 Rb7 28. Nd4
Qe8 29. Nc6 f5 30. Qe5 Be7 31. h4 Nc8 32. Nxe7+ Nxe7 33. d6 Ng6 34. Qc5 Rb8 35.
h5 Rc8 36. Qxa5 Ra8 37. Qb5 Nh8 38. Bxa8 Qxh5+ 39. Kg2 Rxa8 40. e7 Nf7 41.
e8=Q+ Rxe8 42. Qxe8+ Kh7 43. d7 Qg4 1-0

[Event "Lichtenberger Sommer 2023"]
[Site "Berlin"]
[Date "2023.08.17"]
[Round "6.90"]
[White "Schade, Stanley"]
[Black "Rohde, Carmen"]
[Result "1-0"]
[WhiteElo "1500"]
[BlackElo "1000"]
[PlyCount "67"]
[EventDate "2023.??.??"]
[WhiteTeam "vereinslos"]
[BlackTeam "SV Mattnetz Berlin e.V."]

1. e4 d5 2. exd5 Nf6 3. Bb5+ c6 4. dxc6 bxc6 5. Be2 e6 6. Nf3 Bd6 7. O-O O-O 8.
d4 Re8 9. c4 Qe7 10. Nc3 Nbd7 11. Bg5 Bb4 12. Ne4 e5 13. Nxf6+ Nxf6 14. Bxf6
Qxf6 15. Nxe5 Bd6 16. Nf3 Qe7 17. Bd3 Bg4 18. h3 Bd7 19. Re1 Be6 20. d5 Bb4 21.
Re2 Qf6 22. dxe6 fxe6 23. Qc2 g6 24. a3 Bd6 25. c5 Bc7 26. Rae1 Rad8 27. Bc4
Kg7 28. Rxe6 Rxe6 29. Rxe6 Qf8 30. Qc3+ Kh6 31. g3 Qf5 32. Qe3+ Kg7 33. Re7+
Kf6 34. Rf7# 1-0

[Event "Lichtenberger Sommer 2023"]
[Site "Berlin"]
[Date "2023.08.17"]
[Round "6.91"]
[White "Geiß, Anne"]
[Black "Mielchen, Marvin"]
[Result "1/2-1/2"]
[WhiteElo "1437"]
[BlackElo "1000"]
[Annotator "Luca"]
[PlyCount "85"]
[EventDate "2023.??.??"]
[WhiteTeam "SC Kreuzberg e.V."]
[BlackTeam "vereinslos"]

{[%evp 0,83,19,38,25,33,34,18,11,39,44,5,10,4,21,20,49,5,23,26,39,0,11,-26,-2,
-4,16,-72,-23,-4,10,-136,-161,-206,-217,-213,-213,-459,-504,-611,-155,-177,-62,
-49,-12,-14,118,132,155,186,312,312,304,300,332,339,336,324,479,485,725,729,
727,744,882,983,1522,819,819,723,729,842,899,800,928,869,940,1323,1289,1177,
1405,1203,1744,1431,1743,1756]} 1. e4 e5 2. Nf3 Nc6 3. Bc4 Bc5 4. c3 Nf6 5. d3
h6 6. O-O O-O 7. a4 a6 8. h3 d6 9. b4 Ba7 10. Bb3 d5 11. Re1 Re8 12. Nbd2 Be6
13. exd5 Bxd5 14. Bxd5 Nxd5 15. Qc2 Nf4 16. d4 exd4 17. Rxe8+ Qxe8 18. Ne4 d3
19. Qd2 Qxe4 20. Qxf4 Qxf4 21. Bxf4 Rd8 22. Rd1 a5 23. b5 Ne7 24. Bxc7 Rd5 25.
b6 Bxb6 26. Bxb6 Nc8 27. c4 Rd6 28. Bd4 Nb6 29. c5 Rd7 30. cxb6 g6 31. Rxd3 h5
32. Rc3 Kf8 33. Rc7 Ke8 34. Rxd7 Kxd7 35. Ne5+ Kd6 36. f4 Kd5 37. Bc3 Kc5 38.
Bxa5 Kd6 39. Nxf7+ Ke7 40. Ng5 Kf6 41. Kf2 h4 42. Kf3 Kf5 43. Bc3 1/2-1/2

[Event "Lichtenberger Sommer 2023"]
[Site "Berlin"]
[Date "2023.08.17"]
[Round "6.92"]
[White "Dragnev, Stoyan"]
[Black "Nguyen, Viet Anh"]
[Result "0-1"]
[WhiteElo "1100"]
[BlackElo "1425"]
[PlyCount "80"]
[EventDate "2023.??.??"]
[WhiteTeam "vereinslos"]
[BlackTeam "SC Friesen Lichtenberg e.V."]

1. d4 d5 2. Bf4 Nf6 3. e3 c5 4. c3 Bf5 5. Nd2 Nc6 6. Ngf3 e6 7. Ne5 Bd6 8. Bb5
Bxe5 9. dxe5 Nd7 10. Nf3 a6 11. Bd3 Bxd3 12. Qxd3 Qc7 13. Qe2 Ncxe5 14. Ng5 Qb6
15. O-O h6 16. Qh5 Nf6 17. Qh3 Ng6 18. Nf3 Nxf4 19. exf4 O-O-O 20. Ne5 Qc7 21.
Rfd1 g5 22. fxg5 hxg5 23. Qe3 Ne4 24. f4 gxf4 25. Qxf4 f6 26. Nd3 Qxf4 27. Nxf4
Rhe8 28. Rac1 Kb8 29. a3 d4 30. Rb1 e5 31. Nd3 dxc3 32. Rbc1 c4 33. Nf2 Nxf2
34. Rxd8+ Rxd8 35. Kxf2 cxb2 36. Rf1 c3 37. Kg3 c2 38. h4 c1=Q 39. Rxf6 Rg8+
40. Kh3 Qh1# 0-1

[Event "Lichtenberger Sommer 2023"]
[Site "Berlin"]
[Date "2023.08.17"]
[Round "6.93"]
[White "Franchina, Giuseppe"]
[Black "Franz, Jonathan"]
[Result "0-1"]
[WhiteElo "1200"]
[BlackElo "1537"]
[PlyCount "48"]
[EventDate "2023.??.??"]
[WhiteTeam "vereinslos"]
[BlackTeam "Potsdamer SV Mitte e.V."]

1. e4 c6 2. Nc3 d5 3. Nf3 dxe4 4. Nxe4 Nf6 5. Neg5 h6 6. Bc4 hxg5 7. Nxg5 e6 8.
O-O Bd6 9. f4 Nd5 10. d4 Qc7 11. Bxd5 cxd5 12. Qg4 Nd7 13. Nf3 Nf6 14. Qxg7 Rg8
15. Qxf6 Qxc2 16. Rf2 Qd1+ 17. Rf1 Qe2 18. Ng5 Qh5 19. h3 Be7 20. Qe5 f6 21. g4
Qxg5 22. Qc7 Qh4 23. Kh2 Rxg4 24. Rg1 Qf2+ 0-1

[Event "Lichtenberger Sommer 2023"]
[Site "Berlin"]
[Date "2023.08.17"]
[Round "6.94"]
[White "Lippert, Marc"]
[Black "Rapp, David"]
[Result "0-1"]
[WhiteElo "1103"]
[BlackElo "1271"]
[PlyCount "70"]
[EventDate "2023.??.??"]
[WhiteTeam "SVG Läufer Reinickendorf e.V."]
[BlackTeam "SV Königsjäger Süd-West e.V."]

1. e4 e5 2. Nf3 Nc6 3. d4 exd4 4. Bc4 Nf6 5. e5 Qe7 6. O-O Ng4 7. Bg5 Qc5 8.
Nbd2 Be7 9. Re1 O-O 10. Nb3 Qb4 11. Nfxd4 Ngxe5 12. Nxc6 Nxc6 13. Re4 Qb6 14.
Qe2 d6 15. Re1 Bd7 16. c3 g6 17. Nd4 Nxd4 18. cxd4 Bf5 19. Rxe7 c6 20. g4 d5
21. gxf5 dxc4 22. fxg6 hxg6 23. Qxc4 Qxb2 24. R1e2 Qb6 25. d5 cxd5 26. Qxd5
Rab8 27. R2e3 Qa6 28. Rh3 Rbd8 29. Qe5 Rd1+ 30. Kg2 Qf1+ 31. Kg3 Rd3+ 32. Qe3
Rxe3+ 33. Rxe3 Qg1+ 34. Kh4 Kg7 35. f4 Rh8+ 0-1

[Event "Lichtenberger Sommer 2023"]
[Site "Berlin"]
[Date "2023.08.17"]
[Round "6.95"]
[White "Biermann, Oliver"]
[Black "Koerber, Bernhard"]
[Result "0-1"]
[WhiteElo "1174"]
[BlackElo "1451"]
[PlyCount "78"]
[EventDate "2023.??.??"]
[WhiteTeam "SC Kreuzberg e.V."]
[BlackTeam "SG Lasker Stegli"]

1. d4 Nf6 2. Nf3 g6 3. Bf4 d5 4. e3 Bg4 5. Be2 Nbd7 6. h3 Bf5 7. O-O Bg7 8. Ne5
O-O 9. Nd2 Rc8 10. c4 c6 11. Rc1 Ne4 12. Nxe4 Bxe4 13. Bd3 Bxd3 14. Nxd3 e6 15.
Ne5 Nxe5 16. Bxe5 Bxe5 17. dxe5 dxc4 18. Qd6 Qxd6 19. exd6 Rfd8 20. Rfd1 Rd7
21. Rxc4 Rcd8 22. Ra4 a6 23. f4 Rxd6 24. Rxd6 Rxd6 25. Rb4 Rd7 26. Rd4 Rxd4 27.
exd4 f5 28. Kf2 Kf7 29. Ke3 Ke7 30. Kd3 b5 31. Kc3 a5 32. b4 a4 33. a3 Kf6 34.
g3 h6 35. h4 Ke7 36. Kd3 Kd6 37. Kc3 Kd5 38. Kd3 h5 39. Kc3 Ke4 0-1

[Event "Lichtenberger Sommer 2023"]
[Site "Berlin"]
[Date "2023.08.17"]
[Round "6.96"]
[White "Reekers, Anton"]
[Black "Lippianowski, Stefan"]
[Result "1-0"]
[WhiteElo "1508"]
[BlackElo "1064"]
[PlyCount "51"]
[EventDate "2023.??.??"]
[WhiteTeam "SC Kreuzberg e.V."]
[BlackTeam "SV Mattnetz Berlin e.V."]

1. d4 d5 2. Nf3 Nf6 3. Bf4 e6 4. e3 Nc6 5. c3 Ne4 6. Nbd2 g5 7. Bg3 g4 8. Ne5
Qf6 9. Nxe4 dxe4 10. Nxg4 Qe7 11. Qc2 f5 12. Ne5 Bd7 13. Be2 O-O-O 14. Bh5 Rg8
15. O-O-O Qg5 16. Qe2 Be8 17. Bf7 Rg7 18. Bxe8 Rxe8 19. Bf4 Qxg2 20. Bg3 Nxe5
21. Bxe5 Rg6 22. Qc4 Re7 23. Qc5 Rd7 24. Qxf8+ Rd8 25. Qc5 Qxf2 26. Qxc7# 1-0

[Event "Lichtenberger Sommer 2023"]
[Site "Berlin"]
[Date "2023.08.19"]
[Round "8.1"]
[White "Lorenz, Sascha"]
[Black "Colpe, Malte"]
[Result "0-1"]
[WhiteElo "2261"]
[BlackElo "2381"]
[PlyCount "54"]
[EventDate "2023.??.??"]
[WhiteTeam "SK König Tegel 1949 e.V."]
[BlackTeam "Hamburger SK von 1830 eV"]

1. d4 Nf6 2. Nc3 d5 3. Bf4 e6 4. e3 Bb4 5. Bd3 c5 6. dxc5 Nbd7 7. Nge2 a6 8. a3
Bxc5 9. b4 Be7 10. e4 e5 11. Bg3 d4 12. Nb1 a5 13. b5 Nh5 14. c3 Nxg3 15. hxg3
dxc3 16. Nbxc3 Nb6 17. f4 Bg4 18. Qd2 Rc8 19. Nd1 Bf6 20. Ra2 O-O 21. Ne3 Be6
22. Rc2 Qd6 23. f5 Bb3 24. Rb2 a4 25. Ng4 Be7 26. Qe3 f6 27. Rd2 Qxa3 0-1

[Event "Lichtenberger Sommer 2023"]
[Site "Berlin"]
[Date "2023.08.19"]
[Round "8.2"]
[White "Hesse, Henrik"]
[Black "Brüdigam, Martin"]
[Result "1-0"]
[WhiteElo "2266"]
[BlackElo "2362"]
[PlyCount "113"]
[EventDate "2023.??.??"]
[WhiteTeam "SV Mattnetz Berlin e.V."]
[BlackTeam "SK König Tegel 1949 e.V."]

1. c4 e6 2. g3 d5 3. Bg2 c6 4. Nf3 Nf6 5. O-O Be7 6. d4 O-O 7. Nc3 a5 8. b3 b6
9. Ne5 Bb7 10. e4 h6 11. Bb2 Na6 12. Rc1 Rc8 13. Qe2 Nb8 14. Rfd1 Re8 15. cxd5
cxd5 16. exd5 exd5 17. Bh3 Rc7 18. Qb5 Qd6 19. Qd3 Ba6 20. Nb5 Bxb5 21. Qxb5
Bd8 22. Rxc7 Bxc7 23. Rc1 Qd8 24. Ba3 g6 25. Nc6 Nxc6 26. Qxc6 Bb8 27. Qb7 Bd6
28. Rc8 Qxc8 29. Bxc8 Bxa3 30. Qxb6 Kg7 31. Qxa5 Bb2 32. Qd2 Ba1 33. Bh3 Ne4
34. Qd1 Bc3 35. Bf1 Nd2 36. Kg2 Ne4 37. Bb5 Re6 38. Qd3 Be1 39. f3 Nd6 40. Bd7
Re7 41. Bh3 h5 42. Qa6 Ne8 43. a4 Nf6 44. Qb5 Bc3 45. Qc5 Re2+ 46. Kf1 Re1+ 47.
Kf2 Rc1 48. Ke2 Bb2 49. Qe7 Rc2+ 50. Kd1 Rxh2 51. Be6 Bxd4 52. Qxf7+ Kh6 53.
Qf8+ Kh7 54. Bxd5 h4 55. gxh4 Rxh4 56. Be4 Nxe4 57. Qe7+ 1-0

[Event "Lichtenberger Sommer 2023"]
[Site "Berlin"]
[Date "2023.08.19"]
[Round "8.3"]
[White "Holinka, Henning"]
[Black "Florstedt, Johannes"]
[Result "1-0"]
[WhiteElo "2241"]
[BlackElo "2386"]
[PlyCount "87"]
[EventDate "2023.??.??"]
[WhiteTeam "Hamburger SK von 1830 eV"]
[BlackTeam "SF Berlin 1903 e.V."]

1. e4 c5 2. Nf3 e6 3. d4 cxd4 4. Nxd4 Nf6 5. Nc3 Nc6 6. Ndb5 d6 7. Bf4 e5 8.
Bg5 a6 9. Na3 b5 10. Nd5 Be7 11. Bxf6 Bxf6 12. c3 Bg5 13. Nc2 Rb8 14. a4 bxa4
15. Ncb4 Nxb4 16. Nxb4 Bd7 17. Bxa6 Qa5 18. Qxd6 Rb6 19. Qd3 Be6 20. Bc4 Rxb4
21. Bxe6 fxe6 22. cxb4 Qxb4+ 23. Qc3 Qxe4+ 24. Kf1 O-O 25. Re1 Qf4 26. Qc2 Bd8
27. Re4 Qf5 28. Rc4 e4 29. Rxe4 Bb6 30. Re2 Qb5 31. Kg1 Qb4 32. Qd2 Qg4 33. h4
Rd8 34. Qc2 Bd4 35. Rh3 e5 36. Rf3 Qxh4 37. Rh3 Qg4 38. Qxh7+ Kf7 39. Rf3+ Ke7
40. Qc2 Rc8 41. Qd2 Ke6 42. Re1 Rb8 43. Rf4 Be3 44. Qxe3 1-0

[Event "Lichtenberger Sommer 2023"]
[Site "Berlin"]
[Date "2023.08.19"]
[Round "8.4"]
[White "Nötzel, Felix"]
[Black "Figura, Atila Gajo"]
[Result "1-0"]
[WhiteElo "2169"]
[BlackElo "2371"]
[PlyCount "71"]
[EventDate "2023.??.??"]
[WhiteTeam "SF Berlin 1903 e.V."]
[BlackTeam "SC Friesen Lichtenberg e.V."]

1. e4 c5 2. Nf3 g6 3. d4 cxd4 4. Nxd4 Bg7 5. c4 Nc6 6. Be3 Nf6 7. Nc3 O-O 8.
Be2 d6 9. O-O Bd7 10. Nc2 Qc8 11. f3 Ne8 12. Qd2 f5 13. exf5 gxf5 14. Rac1 Ne5
15. b3 Ng6 16. Rfe1 Nf6 17. Nb4 f4 18. Bf2 Rf7 19. Nbd5 Nh5 20. Ne4 Qf8 21. Bd3
Be5 22. Ng5 Rf5 23. Bxf5 Qxf5 24. Ne4 Kh8 25. c5 Rg8 26. cxd6 exd6 27. Rc7 Bc6
28. Kh1 Ng7 29. Ne7 Nxe7 30. Rxe7 Ne8 31. Bd4 Nf6 32. Bxe5 dxe5 33. Nxf6 Qxf6
34. R7xe5 Qg7 35. Re7 Qf6 36. Qd3 1-0

[Event "Lichtenberger Sommer 2023"]
[Site "Berlin"]
[Date "2023.08.19"]
[Round "8.5"]
[White "Brinkmann, Fabian"]
[Black "Hommer, Jeremy"]
[Result "1/2-1/2"]
[WhiteElo "2147"]
[BlackElo "2308"]
[PlyCount "59"]
[EventDate "2023.??.??"]
[WhiteTeam "Hamburger SK von 1830 eV"]
[BlackTeam "Hamburger SK von 1830 eV"]

1. e4 c6 2. d4 d5 3. Nc3 dxe4 4. Nxe4 Nd7 5. Nf3 Ngf6 6. Ng3 e6 7. a4 Be7 8. a5
O-O 9. Be2 b5 10. O-O a6 11. c4 bxc4 12. Bxc4 c5 13. Qe2 Bb7 14. Rd1 Qc7 15.
Ng5 Qc6 16. Nf3 Rad8 17. Be3 Qc8 18. dxc5 Bxc5 19. Rdc1 Bxe3 20. Qxe3 Qa8 21.
b4 Bxf3 22. Qxf3 Ne5 23. Qxa8 Rxa8 24. Bf1 Rfb8 25. Rab1 Kf8 26. Rc2 Nd5 27.
Rc5 Nd7 28. Rc4 Ne5 29. Rc5 Nd7 30. Rc4 1/2-1/2

[Event "Lichtenberger Sommer 2023"]
[Site "Berlin"]
[Date "2023.08.19"]
[Round "8.6"]
[White "Vogel, Robert"]
[Black "Förster, Jonas"]
[Result "0-1"]
[WhiteElo "2104"]
[BlackElo "2262"]
[PlyCount "78"]
[EventDate "2023.??.??"]
[WhiteTeam "SK München Südost e.V."]
[BlackTeam "SV Empor Berlin e.V."]

1. d4 Nf6 2. c4 e6 3. g3 c5 4. Nf3 cxd4 5. Nxd4 a6 6. Bg2 Qc7 7. O-O Nc6 8. Nc3
Be7 9. Nc2 d6 10. e4 O-O 11. Be3 Rb8 12. Rc1 Ne5 13. Na3 Bd7 14. h3 Qa5 15. f4
Ng6 16. Nc2 Rfc8 17. b4 Qc7 18. Na3 d5 19. c5 dxe4 20. Nxe4 Nxe4 21. Bxe4 Bc6
22. Qf3 f5 23. Bxc6 bxc6 24. Nc2 Bf6 25. Rfd1 Rd8 26. Rxd8+ Rxd8 27. Rd1 Ne7
28. Kg2 Nd5 29. Bd4 e5 30. fxe5 Bxe5 31. Bxe5 Qxe5 32. Re1 Qf6 33. Qe2 Nc3 34.
Qc4+ Kh8 35. Nd4 Nd5 36. Qe2 Qg6 37. Qf3 f4 38. Re6 Ne3+ 39. Kh2 fxg3+ 0-1

[Event "Lichtenberger Sommer 2023"]
[Site "Berlin"]
[Date "2023.08.19"]
[Round "8.7"]
[White "Dathe, Frederick"]
[Black "Heinig, Wolfram"]
[Result "1-0"]
[WhiteElo "2075"]
[BlackElo "2254"]
[PlyCount "77"]
[EventDate "2023.??.??"]
[WhiteTeam "SC Kreuzberg e.V."]
[BlackTeam "SK Zehlendorf e.V."]

1. c4 c6 2. Nf3 g6 3. g3 Bg7 4. Bg2 d5 5. d4 Nf6 6. O-O O-O 7. b3 Ne4 8. Bb2 a5
9. Nc3 Nxc3 10. Bxc3 b5 11. Ne5 e6 12. cxb5 cxb5 13. Rc1 b4 14. Bb2 Ba6 15. Qd2
Nd7 16. Nxd7 Qxd7 17. Rc5 Bb5 18. Rfc1 Rfc8 19. Qc2 Rxc5 20. dxc5 Rc8 21. Bxg7
Kxg7 22. e3 e5 23. Bf1 Bc6 24. Bg2 Rd8 25. Qd2 h5 26. h4 d4 27. Bxc6 Qxc6 28.
exd4 exd4 29. Qd3 Kg8 30. Kh2 Rd5 31. Rc4 Rxc5 32. Rxd4 Rc2 33. Rd8+ Kh7 34.
Qd4 f6 35. Qa7+ Qc7 36. Rd7+ Qxd7 37. Qxd7+ Kh6 38. Qd8 Rxf2+ 39. Kg1 1-0

[Event "Lichtenberger Sommer 2023"]
[Site "Berlin"]
[Date "2023.08.19"]
[Round "8.8"]
[White "Tscheuschner, Georg"]
[Black "Syre, Christian"]
[Result "1-0"]
[WhiteElo "2229"]
[BlackElo "2119"]
[PlyCount "51"]
[EventDate "2023.??.??"]
[WhiteTeam "SV Mattnetz Berlin e.V."]
[BlackTeam "SC Kreuzberg e.V."]

1. c4 g6 2. Nf3 Bg7 3. d4 Nf6 4. g3 c5 5. Bg2 cxd4 6. Nxd4 Nc6 7. Nc3 h5 8. h3
O-O 9. O-O d6 10. Be3 Bd7 11. Rc1 Rc8 12. Nxc6 Bxc6 13. Nd5 Nxd5 14. cxd5 Bd7
15. Qb3 Rxc1 16. Rxc1 Qb8 17. Bg5 Bf6 18. Qe3 Re8 19. Rc4 Bxb2 20. Bxe7 Be5 21.
Qg5 Bb5 22. Re4 Qc7 23. Rxe5 dxe5 24. d6 Qc3 25. Bd5 Qc2 26. e4 1-0

[Event "Lichtenberger Sommer 2023"]
[Site "Berlin"]
[Date "2023.08.19"]
[Round "8.9"]
[White "Tiarks, Jann-Christian"]
[Black "Zur, Jan"]
[Result "1-0"]
[WhiteElo "2211"]
[BlackElo "2122"]
[PlyCount "65"]
[EventDate "2023.??.??"]
[WhiteTeam "SC Empor Potsdam 1952 e.V."]
[BlackTeam "SC Rotation Pankow e.V."]

1. e4 e5 2. Bc4 Nf6 3. d4 exd4 4. Nf3 Bb4+ 5. c3 dxc3 6. bxc3 Bc5 7. e5 d5 8.
exf6 dxc4 9. Qe2+ Be6 10. fxg7 Rg8 11. O-O Rxg7 12. Nbd2 Qf6 13. Ne4 Qf5 14.
Bg5 Nd7 15. Rad1 Be7 16. Bxe7 Kxe7 17. Ng3 Qc5 18. Nd4 Rg6 19. f4 f5 20. Kh1
Nf8 21. Ngxf5+ Kf7 22. Qh5 Bd5 23. Nf3 Bxf3 24. Rxf3 Kf6 25. Qh4+ Kf7 26. Ng3
Rd6 27. Rdf1 Re8 28. f5 Qe5 29. f6 b5 30. Qh6 Ree6 31. Qg7+ Ke8 32. f7+ Ke7 33.
Nf5+ 1-0